000 00212nam a22000857a 4500
008 160715b xxu||||| |||| 00| 0 eng d
100 _92879
_aKidz Om
245 _a101 Jungle Stories
260 _aNew Delhi
_bOm kidz
_c2013
999 _c2451
_d2451